|
|
|
|
| LEADER |
00745pam a22002178a 4500 |
| 001 |
00015781 |
| 005 |
20171026081022.0 |
| 008 |
110330s1996 ||||||Viesd |
| 041 |
0 |
# |
|a Vie
|
| 082 |
1 |
4 |
|a 895.922 1
|b H450CH
|
| 100 |
0 |
# |
|a Đào Anh Kha
|
| 245 |
0 |
0 |
|a Hồ Chí Minh sự thật truyền kỳ
|b (Trường ca)
|c Đào Anh Kha
|
| 260 |
# |
# |
|a H.
|b Văn học
|c 1996
|
| 300 |
# |
# |
|a 91 tr.
|c 19 cm.
|
| 653 |
# |
# |
|a Hồ Chí Minh
|a Việt Nam
|a Văn học hiện đại
|a Trường ca
|
| 852 |
# |
# |
|b Kho mượn
|j KM.0011707
|
| 852 |
# |
# |
|b Kho đọc
|j KD.0001125
|
| 852 |
# |
# |
|j KD.0001125
|j KM.0011707
|
| 910 |
|
|
|d 30/03/2011
|
| 980 |
# |
# |
|a Trung tâm Học liệu Lê Vũ Hùng, Trường Đại học Đồng Tháp
|